<?xml version="1.0" encoding="UTF-8"?>
<record
    xmlns:xsi="http://www.w3.org/2001/XMLSchema-instance"
    xsi:schemaLocation="http://www.loc.gov/MARC21/slim http://www.loc.gov/standards/marcxml/schema/MARC21slim.xsd"
    xmlns="http://www.loc.gov/MARC21/slim">

  <leader>00868nam a22002417a 4500</leader>
  <controlfield tag="005">20230919160832.0</controlfield>
  <datafield tag="010" ind1=" " ind2=" ">
    <subfield code="a">ENG-138153</subfield>
  </datafield>
  <datafield tag="020" ind1=" " ind2=" ">
    <subfield code="a">9789383470471</subfield>
    <subfield code="c">784.00</subfield>
  </datafield>
  <datafield tag="035" ind1=" " ind2=" ">
    <subfield code="a">EN-121685</subfield>
  </datafield>
  <datafield tag="037" ind1=" " ind2=" ">
    <subfield code="b">DBAD/PUB</subfield>
  </datafield>
  <datafield tag="082" ind1=" " ind2=" ">
    <subfield code="a">004.22</subfield>
    <subfield code="2">First 2022</subfield>
  </datafield>
  <datafield tag="100" ind1=" " ind2=" ">
    <subfield code="a">Patra, P Santosh Kumar</subfield>
    <subfield code="9">56990</subfield>
  </datafield>
  <datafield tag="245" ind1=" " ind2=" ">
    <subfield code="a">Computer Organisation and Micro Processor/</subfield>
    <subfield code="c">By P Santosh Kumar Patra...[et.al]</subfield>
  </datafield>
  <datafield tag="250" ind1=" " ind2=" ">
    <subfield code="a">First 2022</subfield>
  </datafield>
  <datafield tag="260" ind1=" " ind2=" ">
    <subfield code="a">Hyderabad</subfield>
    <subfield code="b">Spectrum Publications</subfield>
    <subfield code="c">2022</subfield>
  </datafield>
  <datafield tag="270" ind1=" " ind2=" ">
    <subfield code="b">Hyderabad</subfield>
    <subfield code="a">326/C, Level -1 Near B K Guda Park, S R Nagar </subfield>
    <subfield code="e">500038</subfield>
    <subfield code="k">+914023710657</subfield>
    <subfield code="k">+91238000657</subfield>
    <subfield code="l">+914023810657</subfield>
  </datafield>
  <datafield tag="300" ind1=" " ind2=" ">
    <subfield code="a">viii,400p.</subfield>
    <subfield code="c">24cm(hbk)</subfield>
    <subfield code="b">Index</subfield>
  </datafield>
  <datafield tag="700" ind1=" " ind2=" ">
    <subfield code="a">Sri, G Udaya </subfield>
    <subfield code="e">Author</subfield>
    <subfield code="9">56915</subfield>
  </datafield>
  <datafield tag="700" ind1=" " ind2=" ">
    <subfield code="a">Nagaraju,R</subfield>
    <subfield code="e">Author</subfield>
    <subfield code="9">56991</subfield>
  </datafield>
  <datafield tag="700" ind1=" " ind2=" ">
    <subfield code="a">Kumar, R Santhosh</subfield>
    <subfield code="e">Author</subfield>
    <subfield code="9">56992</subfield>
  </datafield>
  <datafield tag="700" ind1=" " ind2=" ">
    <subfield code="a">Venkanna, M</subfield>
    <subfield code="e">Author</subfield>
    <subfield code="9">56993</subfield>
  </datafield>
  <datafield tag="942" ind1=" " ind2=" ">
    <subfield code="2">ddc</subfield>
    <subfield code="c">EN</subfield>
    <subfield code="h">004.22</subfield>
    <subfield code="m">PAT</subfield>
  </datafield>
  <datafield tag="999" ind1=" " ind2=" ">
    <subfield code="c">198393</subfield>
    <subfield code="d">198393</subfield>
  </datafield>
  <datafield tag="952" ind1=" " ind2=" ">
    <subfield code="0">0</subfield>
    <subfield code="1">0</subfield>
    <subfield code="4">0</subfield>
    <subfield code="7">0</subfield>
    <subfield code="8">NFIC</subfield>
    <subfield code="a">DBAD</subfield>
    <subfield code="b">M</subfield>
    <subfield code="d">2023-09-19</subfield>
    <subfield code="e">DBAD/PUB</subfield>
    <subfield code="g">784.00</subfield>
    <subfield code="l">0</subfield>
    <subfield code="o">004.22 PAT</subfield>
    <subfield code="p">EN-121685</subfield>
    <subfield code="r">2023-09-19 00:00:00</subfield>
    <subfield code="t">1</subfield>
    <subfield code="v">784.00</subfield>
    <subfield code="w">2023-09-19</subfield>
    <subfield code="y">EN</subfield>
  </datafield>
</record>
